EVERY Extreme Starting With E in Geometry Dash - Statistics

General Stats
  • This quiz has been taken 8 times
  • The average score is 22 of 71
Answer Stats
Creator Type Name % Correct
MindCap Classic Every End
100%
BoldStep Classic Erebus
86%
Platnuu Classic ErebuS
86%
CDMusic Classic Edge of Destiny
71%
eiruni Classic Edge of the Blade
57%
Renn241 Classic Eon
57%
ivyteal Classic ETERNAL
57%
zeroya Classic Ethereal Artifice
57%
MrSpaghetti Classic EX
57%
Doggie Classic Exosphere
57%
nothawkyre Classic Eyes in the Water
57%
L4TeZk Classic Edge of the World
43%
Zafkiel7 Classic ElectroLux
43%
KrmaL Classic Elite Z Rebirth
43%
DreamTide Classic Endless Dream
43%
Danzmen Classic EnvY
43%
Team Proxima Classic Epsilon
43%
SyQual Classic Esfera
43%
ProGGCyrus Classic eternal entropy
43%
iRainstorm Classic Eternal Moment
43%
Yoonsr Classic Evangelion
43%
spcreat Classic Excruciation Chamber
43%
MinAY Classic Echoes of Neon
29%
vit12 Classic eclipse
29%
dkitey Platformer ECSTASIS
29%
Filqh Classic ECSTASY
29%
SleyGD Classic Ecstasy
29%
hexitine Classic Edelweiss
29%
NateFH Classic EdenCity
29%
MrSupremeGD Classic Effect II
29%
exactteam Classic EGO KILLING
29%
motheye Classic Electric Forest
29%
Mulpan Classic Elliptic Curve
29%
Bizaare Classic Endurance
29%
St1ngGD Classic Entropy
29%
Zafkiel7 Classic Esencia
29%
No ob Platformer ETERNAL ENDING
29%
L4TeZk Classic Europa
29%
sycor Classic Evil Inside
29%
thejshadow Platformer Exaltation
29%
EternaswipVMAX Classic Explosion
29%
ComodoQc Platformer echos du silence
14%
itzCybercube Platformer ECT6 KOHTAKT
14%
PureDinoMight Classic EKO
14%
SeptaGon7 Classic Eleos
14%
Swib Classic ELLIPSISM
14%
Looou Classic Empanadas Fugaces
14%
BGames Classic Empress Blades
14%
Arsid Classic EMPTINESS
14%
Kivvvi Classic Empyrean
14%
e3ea Classic encroaching dark
14%
Blaster1337 Classic EnCrypted
14%
nyseoul Classic Enlightened memories
14%
THEREALXFUTURE Platformer ENTANGLEMENT
14%
easymode Platformer Entrenched
14%
BLOEM Classic Ergonomic Chair
14%
Vizitek Classic Erosion
14%
SleyGD Classic Escape Room
14%
Samamba Platformer Estufa
14%
kaacu Classic Eternal Dreams
14%
8BitFudge Classic Ethereal Entity
14%
luhlamar Classic EVENT HORIZON
14%
LengthyRat Classic Evil Depths
14%
namirashik Classic Existentia
14%
Ellisha Classic Exotic Energy
14%
ClingingBog Classic Expedition
14%
waturn Classic EXPLICIT
14%
Chom Classic Extinction
14%
At242 Classic EXTREME MEMORY MIX
14%
Blogde Classic Extremoduro
14%
fusion425 Classic End of the Universe
0%
No matching quizzes found
Score Distribution
Percent of People with Each Score
Percentile by Number Answered
Your Score History
You have not taken this quiz